| 000 | 00679nam a2200229 i 4500 | ||
|---|---|---|---|
| 001 | 17543 | ||
| 003 | ES-MaACL | ||
| 005 | 20250809051611.0 | ||
| 007 | t| | ||
| 008 | 010403s1999 sp ||||1| spa d | ||
| 020 | _a84-460-0869-6 | ||
| 080 | _a72 Aalto, Alvar | ||
| 100 | 1 |
_aCapitel, Antón. _934855 |
|
| 245 | 1 | 0 |
_aAlvar Aalto _b: proyecto y método / _cAntón Capitel. |
| 260 |
_aTres Cantos (Madrid) : _bAkal, _c[1999] |
||
| 300 |
_a197 p. : _bil. ; _c24 cm. |
||
| 490 | 1 |
_aAkal arquitectura ; _v18 |
|
| 600 | 1 | 4 |
_aAalto, Alvar, _d1898-1976 _9226335 |
| 830 | 0 | 0 |
_aAkal. _pArquitectura _v18 _9180411 |
| 852 |
_aES-MaACL _jL-24527 _bR.129523 |
||
| 999 |
_c17543 _d17543 |
||